Normal view
MARC view
Entry Término temático
001 - NÚMERO DE CONTROL
- campo de control: 21008
003 - IDENTIFICADOR DEL NÚMERO DE CONTROL
- campo de control: OSt
005 - FECHA Y HORA DE LA ÚLTIMA TRANSACCIÓN
- campo de control: 20200615032735.0
008 - DATOS DE LONGITUD FIJA
- campo de control de longitud fija: 200615|| aca||aabn | a|a d
040 ## - FUENTE DE LA CATALOGACIÓN
- Centro catalogador/agencia de origen: OSt
- Centro/agencia transcriptor: OSt
150 ## - ENCABEZAMIENTO--TÉRMINO DE MATERIA
- Término de materia o nombre geográfico como elemento de entrada: ECOLOGÍA FORESTAL
- Subdivisión geográfica: REPÚBLICA DOMINICANA, MONSEÑOR NOUEL
670 ## - FUENTE DE DATOS ENCONTRADOS
- Cita de la fuente: Work cat.: (OSt)7350: Marcano Fondeur, Eugenio de Jesús, 1923- 21007, Ruta ecológica de la provincia Monseñor Nouel /, [1997?].
